| 000 | 01056cam a22003257a 4500 | ||
|---|---|---|---|
| 003 | CHAP | ||
| 005 | 20220817043209.0 | ||
| 008 | 971013c19821970 r 00010 d | ||
| 010 | _a68213 | ||
| 011 | _a69185 | ||
| 035 | _a78660 | ||
| 040 | _cCHAP | ||
| 082 |
_a333.0972 _bH8y |
||
| 100 | 0 | 0 |
_aHuizer, Gerrit. _956841 |
| 245 | 1 | 3 | _aLa lucha campesina en México |
| 260 |
_aMéxico : _bCentro Nacional de Investigaciones Agrarias, _c1982 [c.1970] |
||
| 300 |
_a111 p. _b: ilus. |
||
| 500 | _a27-96 | ||
| 590 |
_aBATCH-UPD _b10 _c20130110 _lUCH01 _h0153 |
||
| 590 |
_aBATCH-UPD _b10 _c20130110 _lUCH01 _h1520 |
||
| 590 |
_aBATCH-UPD _b10 _c20130410 _lUCH01 _h0932 |
||
| 590 |
_aBATCH-UPD _b10 _c20130914 _lUCH01 _h0828 |
||
| 590 |
_aCONVERSION _b10 _c20130109 _lUCH01 _h1337 |
||
| 650 | 1 | 4 |
_aCampesinado _zMéxico. |
| 650 | 1 | 4 |
_aReforma agraria _zMéxico. _995596 |
| 901 | _aBK | ||
| 942 | _cLIBRO | ||
| 949 |
_a333.0972 H8y _bBC _cLIBRO _d33724000324349 _eLIBRO _fc.2 _h79323 _i78660 _si |
||
| 949 |
_a333.0972 H8y _bBC _cLIBRO _d33724000324356 _eLIBRO _h72978 _i78660 _si |
||
| 999 |
_c68213 _d68213 |
||